|
|
|
|
| LEADER |
00000nab a2200000 4500 |
| 001 |
vtls012275038 |
| 003 |
SK-MaSNL |
| 005 |
20260318121951.0 |
| 008 |
250410c2024 xo zr|p || ||00 c0ukr |
| 015 |
|
|
|a SNBRB2025/04
|
| 038 |
|
|
|a SVKPOCL
|
| 040 |
|
|
|a SVKPOCL
|b slo
|c SVKPOCL
|e rda
|
| 041 |
0 |
|
|a ukr
|
| 043 |
|
|
|a e-gx---
|a e-un---
|a n-us-nj
|
| 044 |
|
|
|a xo
|c SK
|
| 072 |
|
7 |
|a 316.7
|x Sociológia kultúry. Kultúrny život
|2 konspekt
|
| 072 |
|
7 |
|a 94(47)
|x Dejiny krajín východnej Európy
|2 konspekt
|
| 072 |
|
7 |
|a 355/359
|x Vojenstvo. Obrana krajiny. Ozbrojené sily
|2 konspekt
|
| 080 |
|
|
|a 32-051
|2 2011
|
| 080 |
|
|
|a 94(477)"19"
|2 2011
|
| 080 |
|
|
|a (734.9)
|2 2011
|
| 080 |
|
|
|a (437.7)
|2 2011
|
| 080 |
|
|
|a (477.87)
|2 2011
|
| 080 |
|
|
|a (477)
|2 2011
|
| 080 |
|
|
|a 323.282:316.344.3
|2 2011
|
| 080 |
|
|
|a (=161.2)(091)
|2 2011
|
| 080 |
|
|
|a 355.093
|2 2011
|
| 080 |
|
|
|a 725.945:32-051
|2 2011
|
| 245 |
0 |
0 |
|a Peršyj pam'jatnyk Het'manu Pavlu Skoropads'komu ...
|
| 300 |
|
|
|b Fotografie
|
| 336 |
|
|
|a text
|b txt
|2 rdacontent
|
| 337 |
|
|
|a bez média
|b n
|2 rdamedia
|
| 338 |
|
|
|a zväzok
|b nc
|2 rdacarrier
|
| 500 |
|
|
|a V rubrike Čy znajete vy, ščo-
|
| 500 |
|
|
|a Het'mans'ka Ukrajins'ka Deržava pozri Ukrajins'ka deržava
|
| 600 |
1 |
7 |
|a Skoropads'kyj, Pavlo Petrovyč,
|d 1873-1945
|2 svkpocl
|9 1588851
|
| 600 |
1 |
7 |
|a Fylymončuk, Ivan
|2 svkpocl
|9 1588852
|
| 600 |
1 |
7 |
|a Lyzohub, Fedir Andrijovyč,
|d 1851-1928
|2 svkpocl
|9 1588853
|
| 610 |
2 |
7 |
|a Ukrajins'ka Deržava
|2 svkpocl
|9 1588854
|
| 650 |
0 |
7 |
|a politici
|2 SNKPH
|9 2679
|
| 650 |
0 |
7 |
|a pamätníky
|2 SNKPH
|9 25601
|
| 650 |
0 |
7 |
|a osobnosti
|2 SNKPH
|9 29820
|
| 650 |
0 |
7 |
|a vojenskí velitelia
|2 SNKPH
|9 66208
|
| 650 |
0 |
7 |
|a politika a vláda
|2 SNKPH
|9 3868
|
| 650 |
0 |
7 |
|a spoločnosť a politika
|2 SNKPH
|9 1526
|
| 650 |
0 |
7 |
|a hajtmani
|2 svkpocl
|9 1588855
|
| 651 |
|
7 |
|a Nemecko
|2 SNKPHgeo
|9 21020
|
| 651 |
|
7 |
|a Ukrajina
|2 SNKPHgeo
|9 168045
|
| 651 |
|
7 |
|a Bound Brook (N.J.)
|2 svkpocl
|9 1588856
|
| 651 |
|
7 |
|a Kyjev (Ukrajina)
|2 SNKPHgeo
|9 30606
|
| 651 |
|
7 |
|a New Jersey
|2 SNKPHgeo
|9 49325
|
| 773 |
0 |
|
|t Veselka
|g Roč. 72, č. 3 (2024/2025), s. 3
|
| 852 |
|
|
|a SVKPO
|b KIS3GCP
|
| 958 |
|
|
|a UA
|
| 958 |
|
|
|a SS
|
| 958 |
|
|
|a DE
|
| 958 |
|
|
|a US
|
| 958 |
|
|
|a NM
|
| 999 |
|
|
|c 3256095
|d 3258025
|